Biggest Cities in Taranaki - Statistics

General Stats
  • This quiz has been taken 45 times
  • The average score is 10 of 15
Answer Stats
Population Settlement % Correct
55,300 New Plymouth
100%
5,740 Stratford
94%
9,810 Hāwera
91%
7,040 Waitara
88%
3,640 Inglewood
84%
1,360 Ōpunake
81%
1,160 Patea
78%
1,970 Eltham
75%
1,640 Ōakura
59%
640 Okato
59%
420 Urenui
53%
820 Waverley
53%
1,040 Manaia
50%
960 Normanby
50%
400 Lepperton
25%
No matching quizzes found
Score Distribution
Percent of People with Each Score
Percentile by Number Answered
Your Score History
You have not taken this quiz